اللسان العجيب / (Record no. 35714)

MARC details
000 -LEADER
fixed length control field 00685nam a22002057a 4500
005 - DATE AND TIME OF LATEST TRANSACTION
control field 20251108165942.0
008 - FIXED-LENGTH DATA ELEMENTS--GENERAL INFORMATION
fixed length control field 250721s1994 xx 000 0 ara d
082 14 - DEWEY DECIMAL CLASSIFICATION NUMBER
Classification number ط/ 401 / سعد
100 1# - MAIN ENTRY--PERSONAL NAME
Personal name السعداوي، محمد حمزة
245 10 - TITLE STATEMENT
Title اللسان العجيب /
250 ## - EDITION STATEMENT
Edition statement ط.2
246 13 - VARYING FORM OF TITLE
Title proper/short title موسوعة للأطفال تغطي مجالات المعرفة البشرية المختلفة
264 1# - PRODUCTION, PUBLICATION, DISTRIBUTION, MANUFACTURE, AND COPYRIGHT NOTICE
Place of production, publication, distribution, manufacture القاهره :
Name of producer, publisher, distributor, manufacturer دار المعارف،
Date of production, publication, distribution, manufacture, or copyright notice [1994].
300 ## - PHYSICAL DESCRIPTION
Extent 16ص.:مص
490 0# - SERIES STATEMENT
Series statement ماذا تعلم عن ...
Volume/sequential designation 7
650 17 - SUBJECT ADDED ENTRY--TOPICAL TERM
Topical term or geographic name as entry element اللغات
653 ## - INDEX TERM--UNCONTROLLED
Uncontrolled term أطفال مرحلة متوسطة (6-9 سنوات)
942 ## - ADDED ENTRY ELEMENTS (KOHA)
Source of classification or shelving scheme Dewey Decimal Classification
Koha item type Books
Holdings
حالة السحب حالة الفقدان مصدر التصنيف حالة التلف غير قابل للإعارة المكتبة الرئيسية المكتبة الحالية موقع الرف تاريخ التزويد الرقم المتسلسل Total Checkouts رقم الإستدعاء تاريخ آخر ظهور تاريخ الفاتورة نوع المادة (كوها) الباركود
    Dewey Decimal Classification Unchecked   مكتبة البشائر للأطفال مكتبة البشائر للأطفال الإعارة 28/07/2025 360065   ط/ 401 / سعد 28/07/2025 28/07/2025 Books  
    Dewey Decimal Classification     مكتبة أم المؤمنين للأطفال مكتبة أم المؤمنين للأطفال الأطفال 28/07/2025 419231   ط/ 401 / سعد 28/07/2025 28/07/2025 Books 419231
    Dewey Decimal Classification     مكتبة الاميرة بديعة مكتبة الاميرة بديعة الأطفال 01/07/2015 36075   ط/ 401 / سعد 28/07/2025 01/07/2015 Books PLD00335167
    Dewey Decimal Classification Unchecked   مكتبة البراءة للأطفال مكتبة البراءة للأطفال الأطفال 28/07/2025 360068   ط/ 401 / سعد 28/07/2025 28/07/2025 Books  
    Dewey Decimal Classification     مكتبة البراعم الواعدة مكتبة البراعم الواعدة الأطفال 23/07/2015 1603114   ط/ 401 / سعد 28/07/2025 23/07/2015 Books PLD00338434
    Dewey Decimal Classification     مكتبة صويلح العامة مكتبة صويلح العامة الأطفال 23/07/2019 360080   ط/ 401 / سعد 28/07/2025 23/07/2019 Books PLD00459224
    Dewey Decimal Classification     مكتبة وادي السير العامة مكتبة وادي السير العامة الأطفال 01/12/2015 360072   ط/ 401 / سعد 28/07/2025 01/12/2015 Books PLD00367247
Implemented & Customized by: BBB with SCIT (Smart Chains for Information Technology)

Powered by Koha